Αρρώστιες και θάνατος παιδιών στη νεοελληνική λογοτεχνία (1821 - 1922)

Αποθηκεύτηκε σε:
Λεπτομέρειες βιβλιογραφικής εγγραφής
Κύριος συγγραφέας: Ρηγάτος, Γεράσιμος Α., 1945-
Μορφή: Βιβλίο
Γλώσσα:Greek
Δημοσίευση: Αθήνα ; Γιάννινα : Δωδώνη, 1987
Θέματα:
Ετικέτες: Προσθήκη ετικέτας
Δεν υπάρχουν, Καταχωρήστε ετικέτα πρώτοι!

MARC

LEADER 00000nam a2200000 i 4500
001 1/75786
008 960730s1987 gre d
035 |a 1987  |c Δωρεά  |l 10032222 
035 |a 1995  |b 1  |c Αναγνωστοπούλου 
040 |a GR-MY-UA  |b gre  |e aacr 
041 0 |a gre 
082 0 |a 889.309282 
100 1 |a Ρηγάτος, Γεράσιμος Α.,   |d 1945- 
245 1 0 |a Αρρώστιες και θάνατος παιδιών στη νεοελληνική λογοτεχνία (1821 - 1922) /  |c Γεράσιμος Α. Ρηγάτος 
260 |a Αθήνα ; Γιάννινα :   |b Δωδώνη,   |c 1987 
300 |a 261 σ. 
500 |a Άνω του τίτλου: Ιδρυμα Ερευνών για το Παιδί 
650 0 0 |a Greek literature, Modern  |y 19th century. 
650 0 0 |a Greek literature, Modern  |y 20th century. 
650 0 0 |a Children in literature. 
650 0 0 |a Death in literature. 
650 0 0 |a Health in literature. 
852 |a INST  |b RHODES  |e 19960730  |h 889.309282 ΡΗΓ  |p 005400000578  |q 005400000578  |t BK  |y 0 
852 |a INST  |b RHODES  |e 19960902  |h 889.309282 ΡΗΓ  |p 005400007135  |q 005400007135  |t BK  |y 0 
909 |a Ρ  |b 004198  |c 1987 
909 |a Ρ  |b 040043  |c 1995